<?xml version="1.0" encoding="UTF-8"?>
<record
    xmlns:xsi="http://www.w3.org/2001/XMLSchema-instance"
    xsi:schemaLocation="http://www.loc.gov/MARC21/slim http://www.loc.gov/standards/marcxml/schema/MARC21slim.xsd"
    xmlns="http://www.loc.gov/MARC21/slim">

  <leader>00863nam a2200217 i 4500</leader>
  <controlfield tag="001">89685</controlfield>
  <controlfield tag="003">ES-MaACL</controlfield>
  <controlfield tag="005">20250903075124.0</controlfield>
  <controlfield tag="007">t|</controlfield>
  <controlfield tag="008">050112s1939    sp           ||||1| spa d</controlfield>
  <datafield tag="080" ind1=" " ind2=" ">
    <subfield code="a">025.343.1</subfield>
  </datafield>
  <datafield tag="100" ind1="1" ind2=" ">
    <subfield code="a">Lasso de la Vega Jim&#xE9;nez-Placer, Javier,</subfield>
    <subfield code="d">1892-1990</subfield>
    <subfield code="9">70478</subfield>
  </datafield>
  <datafield tag="245" ind1="1" ind2="0">
    <subfield code="a">Reglas para la formaci&#xF3;n y redacci&#xF3;n de los cat&#xE1;logos-diccionarios en las bibliotecas : </subfield>
    <subfield code="b">seguidas de una lista de encabezamientos de materia y numerosos ap&#xE9;ndices / </subfield>
    <subfield code="c">por Javier Lasso de la Vega y Ces&#xE1;reo Goicoechea.</subfield>
  </datafield>
  <datafield tag="260" ind1=" " ind2=" ">
    <subfield code="a">Vitoria : </subfield>
    <subfield code="b">[s.n.], </subfield>
    <subfield code="c">1939 (</subfield>
    <subfield code="e">Santander : </subfield>
    <subfield code="f">Aldus)</subfield>
  </datafield>
  <datafield tag="300" ind1=" " ind2=" ">
    <subfield code="a">200 p. ; </subfield>
    <subfield code="c">22 cm.</subfield>
  </datafield>
  <datafield tag="650" ind1=" " ind2="7">
    <subfield code="a">Catalogaci&#xF3;n bibliogr&#xE1;fica</subfield>
    <subfield code="2">embne</subfield>
    <subfield code="9">10838</subfield>
  </datafield>
  <datafield tag="650" ind1=" " ind2="4">
    <subfield code="a">Encabezamientos de materia.</subfield>
    <subfield code="9">165437</subfield>
  </datafield>
  <datafield tag="700" ind1="1" ind2=" ">
    <subfield code="a">Goicoechea, Ces&#xE1;reo.</subfield>
    <subfield code="9">57606</subfield>
  </datafield>
  <datafield tag="852" ind1="4" ind2=" ">
    <subfield code="a">ES-MaACL</subfield>
    <subfield code="j">A-5237</subfield>
  </datafield>
  <datafield tag="999" ind1=" " ind2=" ">
    <subfield code="c">89685</subfield>
    <subfield code="d">89685</subfield>
  </datafield>
  <datafield tag="952" ind1=" " ind2=" ">
    <subfield code="0">0</subfield>
    <subfield code="1">0</subfield>
    <subfield code="2">udc</subfield>
    <subfield code="4">0</subfield>
    <subfield code="7">0</subfield>
    <subfield code="8">Biblioteca_profesional </subfield>
    <subfield code="a">ATENEOM</subfield>
    <subfield code="b">ATENEOM</subfield>
    <subfield code="c">SPP1</subfield>
    <subfield code="d">2008-01-17</subfield>
    <subfield code="l">0</subfield>
    <subfield code="o">A-5237</subfield>
    <subfield code="p">1093665</subfield>
    <subfield code="r">2023-02-23 00:00:00</subfield>
    <subfield code="w">2023-02-23</subfield>
    <subfield code="y">MONOGRAFIA</subfield>
  </datafield>
</record>
